Music and dementia : theory and implications for music use in dementia care /

Bibliographic Details
Main Author: Garrido, Sandra (Author)
Corporate Author: ScienceDirect (Online service)
Format: eBook
Language:English
Published: Amsterdam : Academic Press, 2025.
Subjects:
Online Access:Connect to the full text of this electronic book

MARC

Tag First Indicator Second Indicator Subfields
LEADER 00000cam a22000008i 4500
001 in00005775868
005 20260327191427.6
006 m o d
007 cr |||||||||||
008 250520s2025 ne o 000 0 eng d
040 |a UKMGB  |b eng  |e rda  |e pn  |c UKMGB  |d OCLCO  |d YDX  |d OPELS  |d UKAHL  |d N$T  |d AUD 
015 |a GBC562393  |2 bnb 
016 7 |a 300567111  |2 Uk 
019 |a 1521465733  |a 1559523259 
020 |a 0443240582 
020 |a 9780443240584  |q (electronic bk.) 
020 |z 9780443240591 
024 8 |a CIPO000240057 
035 |a (OCoLC)1526232277  |z (OCoLC)1521465733  |z (OCoLC)1559523259 
050 4 |a ML3920 
082 0 4 |a 615.851540846  |2 23 
049 |a TXAM 
100 1 |a Garrido, Sandra,  |e author.  |1 https://isni.org/isni/000000045380271X. 
245 1 0 |a Music and dementia :  |b theory and implications for music use in dementia care /  |c Sandra Garrido. 
264 1 |a Amsterdam :  |b Academic Press,  |c 2025. 
300 |a 1 online resource (250 pages) 
336 |a text  |b txt  |2 rdacontent 
337 |a computer  |b c  |2 rdamedia 
338 |a online resource  |b cr  |2 rdacarrier 
588 |a Description based on CIP data; resource not viewed. 
650 0 |a Dementia  |x Patients  |x Care. 
650 0 |a Music therapy for older people. 
650 6 |a Déments  |x Soins. 
650 6 |a Musicothérapie pour personnes âgées. 
650 7 |a Dementia  |x Patients  |x Care  |2 fast 
650 7 |a Music therapy for older people  |2 fast 
655 7 |a Electronic books.  |2 local 
710 2 |a ScienceDirect (Online service) 
776 0 8 |i Print version:  |z 9780443240591 
856 4 0 |u http://proxy.library.tamu.edu/login?url=https://www.sciencedirect.com/science/book/9780443240591  |z Connect to the full text of this electronic book  |t 0 
955 |a Elsevier ScienceDirect 2026-2027 
994 |a 92  |b TXA 
999 f f |i 98188103-300a-44de-9bf7-900820290688  |s 95273837-e91b-4cc0-9d91-02a881e1057c  |t 0 
952 f f |a Texas A&M University  |b College Station  |c Electronic Resources  |s www_evans  |d Available Online  |t 0  |e ML3920   |h Library of Congress classification 
998 f f |a ML3920   |t 0  |l Available Online